First and Last 25 Countries Alphabetically in Norwegian - Statistics

General Stats
  • This quiz has been taken 649 times
  • The average score is 20 of 50
Answer Stats
Answer % Correct
Albania
Albania
81%
Andorra
Andorra
78%
Afghanistan
Afghanistan
64%
Armenia
Armenia
64%
Belgia
Belgium
64%
Australia
Australia
62%
Zimbabwe
Zimbabwe
62%
Algerie
Algeria
61%
Argentina
Argentina
61%
Zambia
Zambia
61%
Angola
Angola
59%
Aserbajdsjan
Azerbaijan
59%
Østerrike
Austria
56%
Brasil
Brazil
48%
Antigua og Barbuda
Antigua and Barbuda
46%
Bahamas
Bahamas
46%
Bangladesh
Bangladesh
45%
Bolivia
Bolivia
45%
Amerikas forente stater
United States
42%
Brunei
Brunei
42%
Bhutan
Bhutan
41%
Uganda
Uganda
41%
Usbekistan
Uzbekistan
41%
Bahrain
Bahrain
40%
Benin
Benin
40%
Venezuela
Venezuela
40%
Bulgaria
Bulgaria
39%
Barbados
Barbados
36%
Botswana
Botswana
36%
Belize
Belize
35%
Vanuatu
Vanuatu
35%
Vatikanstaten
Vatican City
35%
Bosnia-Hercegovina
Bosnia and Herzegovina
34%
Uruguay
Uruguay
33%
Øst-Timor
East Timor
31%
Turkmenistan
Turkmenistan
31%
Vietnam
Vietnam
29%
Tyrkia
Turkey
28%
Tanzania
Tanzania
27%
Togo
Togo
26%
Tuvalu
Tuvalu
26%
Ukraina
Ukraine
25%
Trinidad og Tobago
Trinidad and Tobago
23%
Tyskland
Germany
23%
Tonga
Tonga
22%
Thailand
Thailand
21%
Ungarn
Hungary
21%
Tunisia
Tunisia
20%
Tsjekkia
Czech Republic
12%
Tsjad
Chad
10%
No matching quizzes found
Score Distribution
Percent of People with Each Score
Percentile by Number Answered
Your Score History
You have not taken this quiz